[Event "67th ch-BUL"]
[Site "Sofia BUL"]
[Date "2003.05.16"]
[Round "10"]
[White "Genov,Peta"]
[Black "Karakehajov,K"]
[Result "1-0"]
[WhiteElo "2490"]
[BlackElo "2273"]
[EventDate "2003.05.07"]

1. d4 d5 2. c4 e6 3. Nf3 c6 4. Qc2 Nf6 5. Bg5 Qa5+ 6. Nbd2 Ne4 7. Bf4 Nd7
8. a3 Be7 9. h4 O-O 10. e3 f5 11. Bd3 Ndf6 12. h5 Bd7 13. c5 Ng4 14. Bxe4
fxe4 15. Ne5 Nxe5 16. Bxe5 Bf6 17. Bd6 Rfe8 18. b4 Qd8 19. f4 Bh4+ 20. Ke2
a5 21. Be5 Bc8 22. g3 Bf6 23. Rhb1 Bxe5 24. dxe5 b6 25. Kf2 Ba6 26. Qc3 Bd3
27. Rc1 b5 28. Nb3 a4 29. Nd4 Rc8 30. Rh1 Qe7 31. Rag1 Rf8 32. Ke1 Rf7 33.
Qd2 Kf8 34. Qh2 Ke8 35. Kd2 Kd7 36. Kc3 Kc7 37. g4 Kb7 38. f5 Qg5 39. Qf4
Qe7 40. Rh2 Re8 41. Rf2 g5 42. hxg6 hxg6 43. f6 Qc7 44. Rh1 Qd8 45. Rfh2
Rg8 46. Rh7 Rgf8 47. Qg5 Ka6 48. Qxg6 Rxf6 49. exf6 e5 50. Ra7+ 1-0

[Event "67th ch-BUL"]
[Site "Sofia BUL"]
[Date "2003.05.16"]
[Round "10"]
[White "Panbukchian,V"]
[Black "Dragiev,V"]
[Result "0-1"]
[WhiteElo "2325"]
[BlackElo "2450"]
[EventDate "2003.05.07"]

1. e4 c5 2. Nf3 d6 3. c3 Nf6 4. h3 Nc6 5. Bd3 g6 6. O-O Bg7 7. Re1 O-O 8.
Bf1 e5 9. d3 d5 10. exd5 Nxd5 11. Nbd2 Re8 12. a4 b6 13. Nc4 h6 14. Qb3 Rb8
15. Bd2 Nc7 16. Qc2 Bb7 17. Rad1 Qd7 18. Bc1 Rbd8 19. Nfd2 f5 20. Nf3 Kh7
21. Rd2 Ba6 22. b3 Nd5 23. Rde2 Nxc3 24. Rxe5 Nd5 25. Rxe8 Rxe8 26. Rxe8
Qxe8 27. Bb2 Qe7 28. h4 Bc8 29. Qd2 Bxb2 30. Qxb2 Qg7 31. Qc1 Qc3 32. Qd1
Qf6 33. Qd2 Kg7 34. Qe1 Be6 35. a5 Bf7 36. axb6 axb6 37. g3 f4 38. Bg2 fxg3
39. fxg3 Nd4 40. Nfe5 Be6 41. Qe4 Qf5 42. Qe1 Qf6 43. Nd6 Qe7 44. Nec4 Bg8
45. Qa1 Nf6 46. Ne4 Nxe4 47. Bxe4 b5 48. Ne3 Bxb3 49. Qa6 Bf7 50. Kg2 b4
51. Qb6 b3 52. Nd5 Qe5 53. Nf4 Ne6 54. Ne2 c4 55. Kf2 Nc5 56. d4 Nxe4+ 57.
Kg2 Qf6 0-1

[Event "67th ch-BUL"]
[Site "Sofia BUL"]
[Date "2003.05.16"]
[Round "10"]
[White "Petrov,Marij"]
[Black "Georgiev,Kr"]
[Result "1/2-1/2"]
[WhiteElo "2490"]
[BlackElo "2516"]
[EventDate "2003.05.07"]

1. e4 c5 2. Nf3 d6 3. d4 cxd4 4. Nxd4 Nf6 5. Nc3 Bd7 6. f4 Nc6 7. Nf3 e6 8.
Bd3 Qb6 9. Qe2 Nb4 10. Be3 Nxd3+ 11. cxd3 Qa6 12. O-O Be7 13. Nd4 O-O 14.
g4 g6 15. f5 exf5 16. gxf5 Rae8 17. Nc2 Bd8 18. Rad1 gxf5 19. Nb4 Qa5 20.
Nbd5 Nxd5 21. Nxd5 Re6 22. Nf4 Rg6+ 23. Nxg6 hxg6 24. b4 Qe5 25. Bf4 Bb6+
26. Be3 1/2-1/2

[Event "67th ch-BUL"]
[Site "Sofia BUL"]
[Date "2003.05.16"]
[Round "10"]
[White "Iotov,V"]
[Black "Radulski,J"]
[Result "0-1"]
[WhiteElo "2255"]
[BlackElo "2493"]
[EventDate "2003.05.07"]

1. d4 e6 2. c4 f5 3. Nf3 Nf6 4. Nc3 Bb4 5. g3 Bxc3+ 6. bxc3 d6 7. Bg2 O-O
8. O-O Qe8 9. c5 dxc5 10. Ba3 Ne4 11. Qc2 Nd7 12. Nd2 Nxd2 13. Qxd2 e5 14.
Rab1 c6 15. d5 e4 16. dxc6 bxc6 17. Rfd1 Rf7 18. Qd6 Ba6 19. Rb2 Nb6 20.
Qf4 Nc4 21. Rb3 Nxa3 22. Rxa3 Bxe2 23. Rd2 Bc4 24. Ra5 Qb8 0-1

[Event "67th ch-BUL"]
[Site "Sofia BUL"]
[Date "2003.05.17"]
[Round "11"]
[White "Radulski,J"]
[Black "Petrov,Marij"]
[Result "1/2-1/2"]
[WhiteElo "2493"]
[BlackElo "2490"]
[EventDate "2003.05.07"]

1. Nf3 g6 2. e4 Bg7 3. d4 c6 4. Nc3 d5 5. h3 dxe4 6. Nxe4 Nd7 7. Bd3 Ngf6
8. Nxf6+ Nxf6 9. O-O O-O 10. Re1 Bf5 11. Bxf5 gxf5 12. c3 e6 13. Bf4 Ne4
14. Ne5 Qh4 15. Qf3 Rad8 16. Qe3 Kh8 17. Rad1 Bf6 18. c4 Qh5 19. f3 Ng5 20.
Re2 c5 21. d5 Bxe5 22. Bxe5+ f6 23. Bc3 e5 24. Qxc5 Rg8 25. Kf1 Qg6 26.
Qxa7 Ne6 27. Qf2 Nf4 28. Rxe5 Nxg2 29. Re6 Rdf8 30. Rd4 Qh6 31. h4 Qc1+ 32.
Be1 f4 33. Qd2 Qb1 34. Rde4 Nxh4 35. Rxf4 Nf5 36. Rg4 Ng3+ 37. Kf2 Rxg4 38.
fxg4 Ne4+ 39. Rxe4 Qxe4 40. Qe2 Qf4+ 41. Qf3 Qh2+ 42. Kf1 Qxb2 43. Bc3 Qb1+
44. Kg2 Qxa2+ 45. Kh3 Qxc4 46. g5 Kg8 47. gxf6 Qc8+ 48. Kh4 Qe8 49. d6 Qg6
50. Qd5+ Qf7 51. Qg5+ Qg6 52. Qd5+ Qf7 53. Qg2+ Qg6 54. Qd5+ Qf7 55. Qg5+
Qg6 1/2-1/2

[Event "67th ch-BUL"]
[Site "Sofia BUL"]
[Date "2003.05.17"]
[Round "11"]
[White "Simeonov,S"]
[Black "Genov,Peta"]
[Result "0-1"]
[WhiteElo "2345"]
[BlackElo "2490"]
[EventDate "2003.05.07"]

1. e4 c5 2. Nf3 d6 3. d4 cxd4 4. Nxd4 Nf6 5. Nc3 a6 6. Bc4 e6 7. Bb3 Nbd7
8. f4 Nc5 9. O-O Be7 10. Be3 O-O 11. e5 dxe5 12. fxe5 Nfd7 13. Qh5 g6 14.
Qe2 Nxe5 15. Rad1 Qc7 16. Bf4 f6 17. Ne4 Bd7 18. Kh1 Rae8 19. Nf3 Bb5 20.
c4 Bc6 21. Nxf6+ Bxf6 22. Nxe5 Bg7 23. Bg3 Rxf1+ 24. Rxf1 Ne4 25. Nxc6
Nxg3+ 26. hxg3 bxc6 27. Rf3 c5 28. Bc2 Bd4 29. Ba4 Qg7 30. g4 Qh6+ 31. Rh3
Qc1+ 32. Kh2 Re7 33. Rf3 Qh6+ 34. Kg3 Bg1 35. Rf6 Bh2+ 36. Kf3 Qg5 37. g3
Qxf6+ 38. Kg2 Rb7 39. b3 Kf8 40. Bc6 Rf7 41. Be4 Qd4 0-1